| 000 | 00749nam a22002057a 4500 | ||
|---|---|---|---|
| 005 | 20240530110900.0 | ||
| 008 | 220203s2007 ua g 000 0 ara d | ||
| 017 |
_a2007/3736 _bمصر. دار الكتب |
||
| 020 | _a9773513548 | ||
| 040 |
_aEG-CaGPL _cEG-CaGPL |
||
| 082 | 0 | 4 |
_221 _a303.482/ _bأ د |
| 100 | 0 | _aالسيد يسين | |
| 245 | 1 | 2 |
_aالديموقراطية وحوار الثقافات : _bتحليل للازمة وتفكيك للخطاب / _cالسيد يسين |
| 260 |
_aالقاهرة : _bدار ميريت، _c2007. |
||
| 300 |
_a329 ص. ؛ _c24 سم. |
||
| 650 | 0 | 7 |
_2qrmak _aالديموقراطية |
| 650 | 0 | 7 |
_2qrmak _aالاحوال الثقافية |
| 942 |
_2ddc _cBK |
||
| 999 |
_c66110 _d66110 |
||